[Event "Gaprindashvili Cup Open II Stage 2020"]
[Site "Online"]
[Date "2020.11.08"]
[Round "5.3"]
[White "Sulashvili, Malkhaz"]
[Black "Quparadze, Giga"]
[Result "0-1"]
[WhiteElo "2381"]
[BlackElo "2463"]
[Annotator "TA"]
[PlyCount "122"]
[EventDate "2020.11.04"]
[EventType "swiss"]
[SourceTitle "playchess.com"]
[Source "ChessBase"]
[SourceQuality "1"]

{[%evp 13,122,11,9,8,6,4,11,4,4,6,21,20,32,-4,-4,-13,-10,-47,-38,-37,-43,-42,0,-1,0,4,12,8,25,18,37,16,19,40,68,-32,-38,-24,-20,-43,-52,-54,-7,-56,-52,-52,-55,-47,0,-40,-38,-93,-108,-100,-97,-102,-94,-145,-73,-199,-31,-54,-37,-52,-48,-162,-162,-162,-162,-162,-162,-162,-162,-329,-211,-117,-132,-110,-50,-236,-214,-473,-384,-375,-366,-290,-119,-294,-275,-502,-496,-501,-241,-498,-494,-490,-479,-513,-512,-726,-718,-695,-688,-8678,-6729,-8107,-6510,-29972,-29975,-5361,-5097]} 1. Nf3 Nf6 2. c4 e6 3. g3 d5 4. b3 g6 5. Bb2 Bg7 6. Bg2 O-O 7. O-O b6 $1 {The main line 7...b6 scores better than 7...c5.} 8. cxd5 {A05: Réti Opening: 1 Nf3 Nf6.} exd5 9. d4 Bb7 10. Nc3 {The position is equal.} Re8 11. Rc1 c6 12. Ne5 {[#]} Nbd7 $146 ({Predecessor:} 12... Nfd7 13. Nf3 Na6 14. Re1 f5 15. Ba3 Qf6 16. e3 Nc7 17. Qd2 a5 18. Na4 Nb5 {1-0 (49) Papin,V (2481)-Pogromsky,M (2411) Sochi 2019}) 13. Nxd7 Qxd7 14. Re1 h5 15. b4 {[#]} h4 $1 {[%mdl 512]} 16. a4 (16. gxh4 Qe7) 16... hxg3 17. hxg3 Qf5 18. e3 Ng4 19. Bf3 Nf6 20. Kg2 a5 21. bxa5 Rxa5 22. Qb3 Bc8 {Threatens to win with ...Qh3+.} 23. Rh1 Ra7 24. Qc2 (24. Ba3 $14) 24... Qxc2 $15 25. Rxc2 Bf5 26. Rd2 g5 $36 {[%mdl 2048] Black has some pressure.} 27. Rc1 g4 28. Be2 Bf8 29. Bd3 Bxd3 30. Rxd3 Re6 31. Rb1 Bb4 32. Bc1 (32. Rdd1 $15) 32... Bxc3 $17 33. Rxc3 Ne4 34. Rc2 Ra6 ({Of course not} 34... Rxa4 $6 35. Rxb6 Kg7 36. Bb2 $11) 35. Bd2 (35. Ra1 $142) 35... Kg7 (35... Rf6 $142 36. Bc1 Kg7) 36. Be1 (36. Ra2 $17) 36... Ng5 $2 (36... Rxa4 $19 37. Rcb2 b5) 37. Ra2 Nf3 38. Bb4 Re8 39. a5 (39. Rba1 $15) 39... Rea8 $19 40. Rba1 Kg6 41. Kf1 {[#] axb6! is the strong threat.} bxa5 $1 42. Rxa5 Rxa5 43. Bxa5 $2 {[%mdl 4096] Endgame KRB-KRN} (43. Rxa5 Rb8 44. Bc3) 43... Kf5 44. Bc3 {[#]} (44. Ke2 $19 Ke4 45. Bc3) 44... Rb8 $1 $17 45. Ke2 Rb3 ({Better is} 45... Ke4 $17) 46. Rc1 $2 (46. Kd3 $1 $15) 46... Ke4 $19 47. Rc2 $2 (47. Kf1 {was worth a try.}) 47... Rb1 {Strongly threatening ...Ng1+.} 48. Ba5 Ra1 49. Bb4 Ra4 (49... Ng1+ $19 50. Kd2 Rf1 51. Rxc6 Rxf2+ 52. Ke1 Rb2) 50. Bd6 $2 (50. Bc3 $17) 50... Rc4 51. Ra2 $2 (51. Rxc4 dxc4 52. Bb4) 51... Rc1 {[%csl Gf3][%cal Rc1e1]} 52. Bb4 Ng1+ 53. Kd2 Rf1 54. Kc3 Nh3 55. Bd6 Nxf2 56. Bf4 Nd1+ 57. Kb4 Nxe3 58. Kc5 Rxf4 59. gxf4 g3 60. Kxc6 g2 61. Ra1 Nf1 {Av CentiPawn Loss W=370/B=-60. Weighted=77/-44} 0-1

[Event "Gaprindashvili Cup Open II Stage 2020"]
[Site "Online"]
[Date "2020.11.08"]
[Round "5.4"]
[White "Bagaturov, Giorgi"]
[Black "Akhvlediani, Irakli"]
[Result "1-0"]
[WhiteElo "2431"]
[BlackElo "2355"]
[Annotator "TA"]
[PlyCount "119"]
[EventDate "2020.11.04"]
[EventType "swiss"]
[SourceTitle "playchess.com"]
[Source "ChessBase"]
[SourceQuality "1"]

{[%evp 19,119,11,31,11,16,23,37,51,67,51,55,51,124,118,143,133,158,160,155,162,168,125,126,100,100,100,97,87,81,81,81,76,93,91,89,34,40,40,74,74,92,27,31,28,127,129,112,74,94,99,96,95,129,107,109,102,105,104,113,105,115,104,107,107,107,103,132,118,127,121,120,116,132,115,120,107,107,107,107,77,77,77,99,101,131,129,120,122,859,822,1010,1017,965,979,1008,993,29957,29951,29973,29974,29973,29974]} 1. d4 Nf6 2. Nf3 g6 3. c4 Bg7 4. g3 O-O 5. Bg2 d6 6. O-O Nc6 7. d5 Na5 8. Nfd2 c5 9. Nc3 a6 10. Qc2 b5 11. cxb5 {E66: King's Indian: Fianchetto: 6...c5 7 0-0 Nc6 8 d5.} axb5 12. Nxb5 Ba6 13. Nc3 {White is slightly better.} Qb6 {was the old line (13...Nd7).} 14. Rd1 {[#]} Nd7 $146 ({Predecessor:} 14... Rfb8 15. Rb1 c4 16. Nf1 Ng4 17. Ne3 Ne5 18. h3 Nb7 19. Bd2 Nc5 20. Kh2 Bb5 {0-1 (50) Mikaelyan,A (2448)-Azaladze,S (2474) Batumi 2016}) 15. Rb1 c4 (15... Rab8 $14) 16. Nf3 $16 Nc5 17. Be3 Qc7 18. Bd4 Bh6 19. Ne4 Nab7 20. Nxc5 Nxc5 21. Nd2 Bb5 22. b3 cxb3 23. Nxb3 Na6 24. Qe4 {Strongly threatening a4.} Rfb8 25. Bb2 Be8 26. Qd4 {[%csl Gb2][%cal Rd4h8]} f6 27. Qh4 (27. Bc3 $16) 27... Bg5 $14 28. Qe4 Rb4 29. Rd4 Rab8 30. Rbd1 ({White should try} 30. Rxb4 $16 Rxb4 31. Qd3) 30... f5 $11 31. Qb1 Nc5 (31... Ba4 $11 {remains equal.}) 32. Rxb4 $16 Rxb4 33. Ba3 (33. h4 {looks sharper.} Bh6 34. Ba1 Nd7 35. e3 Ne5 36. Rc1) 33... Rb5 {[#]} 34. Bxc5 $1 dxc5 35. Qc2 {Threatens to win with Nd4!} Qd6 36. e4 fxe4 37. Bxe4 Bd7 38. Bd3 Rb8 39. Qxc5 Ra8 40. h4 Bf6 41. Qxd6 exd6 42. Rd2 Bc3 43. Rc2 Be5 44. Nd2 Ra3 45. Be4 Bd4 46. Nb3 Bb6 47. Bd3 Kg7 48. Re2 {Re7+ is the strong threat.} Kf6 49. Bc4 Bg4 50. Rb2 h6 51. Kg2 g5 52. hxg5+ hxg5 {[#]} 53. Nd2 $1 Bf5 $2 {[%mdl 8192] This move loses the game for Black.} (53... Bd4 $16 54. Rb8 Bf5 55. Rf8+ Kg6 56. Rg8+ Kf6 57. Rf8+ Kg6) 54. Rxb6 $18 g4 55. Bb3 Ra8 56. Rxd6+ Ke5 57. Re6+ Bxe6 58. dxe6 {White mates.} Kd4 59. Nc4 Ra7 60. Ne3 {Av CentiPawn Loss W=-8/B=-31. Weighted=-8/-55} 1-0

[Event "Gaprindashvili Cup Open II Stage 2020"]
[Site "Online"]
[Date "2020.11.08"]
[Round "5.5"]
[White "Petriashvili, Nikoloz"]
[Black "Nemsadze, Daviti"]
[Result "1-0"]
[WhiteElo "2425"]
[BlackElo "1690"]
[Annotator "TA"]
[PlyCount "79"]
[EventDate "2020.11.04"]
[EventType "swiss"]
[SourceTitle "playchess.com"]
[Source "ChessBase"]
[SourceQuality "1"]

{[%evp 15,78,0,0,-4,78,64,79,80,142,127,131,82,104,82,82,82,82,84,81,73,82,66,74,82,90,64,78,65,73,66,191,191,191,182,220,212,238,238,233,230,256,259,234,243,527,506,458,465,402,713,709,707,648,676,626,610,312,299,29981,29982,29993,29987,29994,29995,29999]} 1. e4 c5 2. Nc3 Nc6 3. Bb5 e6 4. Nf3 Nge7 5. d4 cxd4 6. Nxd4 a6 7. Nxc6 Nxc6 8. Bxc6 bxc6 9. e5 {[#] B45: Sicilian Four Knights.} Bb4 $146 (9... Qa5 $11) ({Predecessor:} 9... f5 10. exf6 Qxf6 11. O-O d5 12. Re1 Be7 13. Qh5+ g6 14. Qe2 O-O 15. Nd1 Bd6 16. c4 Bd7 {½-½ (35) Martinez Duany,L (2527)-Cifuentes Parada,R (2465) San Sebastian 2018}) 10. Qg4 $1 $16 {[%cal Rg4b4]} Bxc3+ 11. bxc3 {White is better.} g6 (11... Kf8 $142) 12. O-O h5 13. Qb4 a5 14. Qd6 Qe7 15. Qxe7+ Kxe7 16. Bg5+ Ke8 17. Bf6 $36 {[%mdl 2048] White is in control.} Rg8 18. Rab1 d5 19. exd6 Kd7 20. c4 {[%cal Bc3c4,Bc4c5][%mdl 32]} Ba6 21. c5 Rgb8 22. Rfe1 Bc4 {[#] This move loses the game for Black.} ({Black should play} 22... Rb4 $14) 23. a4 $1 $18 Bd5 24. f3 Ba2 25. Ra1 Bd5 26. Reb1 Bc4 27. Kf2 Ba6 28. g4 hxg4 29. fxg4 Rb4 $2 {[#]} (29... g5 30. Kg3 (30. Bxg5 Rg8 $16) 30... Rg8) 30. Rxb4 $1 axb4 {[%mdl 4096] Endgame KRB-KRB} 31. h4 Bc4 32. h5 gxh5 33. gxh5 Bd5 34. Rg1 Be4 35. h6 Bxc2 36. Rg7 Rf8 $2 (36... e5 $18 37. h7 Bxh7) 37. h7 {White mates.} b3 38. Rg8 b2 39. Rxf8 {[%csl Gf6][%cal Rf8d8]} b1=Q 40. Rd8# {Av CentiPawn Loss W=90/B=-42. Weighted=25/-50} 1-0

[Event "Gaprindashvili Cup Open II Stage 2020"]
[Site "Online"]
[Date "2020.11.08"]
[Round "5.6"]
[White "Lortkipanidze, Nodar"]
[Black "Shanava, Konstantine"]
[Result "0-1"]
[WhiteElo "2416"]
[BlackElo "2504"]
[Annotator "TA"]
[PlyCount "160"]
[EventDate "2020.11.04"]
[EventType "swiss"]
[SourceTitle "playchess.com"]
[Source "ChessBase"]
[SourceQuality "1"]

{[%evp 12,160,26,33,22,25,51,64,60,40,56,0,42,-55,-39,-48,-35,-69,-51,-57,-42,-66,-36,-72,-7,-110,-131,-122,-110,-394,-383,-390,-377,-400,-364,-354,-355,-504,-493,-502,-389,-531,-334,-340,-351,-1112,-1109,-1101,-1096,-1043,-1038,-916,-907,-830,-470,-437,-438,-438,-434,-406,-373,-721,-398,-390,-385,-531,-525,-504,-434,-439,-431,-535,-535,-552,-552,-545,-541,-552,-552,-548,-545,-552,-531,-723,-633,-874,-818,-782,-727,-866,-855,-708,-704,-3105,-2707,-29977,-29978,-29984,-868,-1770,-1699,-1720,-1066,-1237,-885,-966,-1068,-29963,-29964,-29956,-323,-29969,-29975,-29975,-29976,-29976,-29970,-29969,-29976,-29980,-29975,-29970,-5393,-29959,-29973,-29975,-29976,-29976,-29977,-29980,-29969,-29979,-29982,-29984,-29977,-29974,-29978,-29977,-29979,-29983,-29984,-29984,-29985,-29985,-29986,-29986,-29987,-29987,-29988,-29988,-29989]} 1. d4 g6 2. Nc3 Bg7 3. e4 d6 4. Be3 c6 5. Qd2 Nd7 6. O-O-O b5 7. Kb1 {The main line 7.Kb1 scores better than 7.h4.} Nb6 {B06: Modern Defence.} 8. Bd3 Nc4 9. Bxc4 $1 bxc4 {[#] White is slightly better.} 10. Qe2 $146 ({Predecessor:} 10. f4 Nf6 11. Nf3 Rb8 12. Ka1 d5 13. e5 Ng4 14. h3 Nxe3 15. Qxe3 h5 16. Qf2 {0-1 (46) Magnucka,M (1961)-Przezdziecka,E (2148) Szklarska Poreba 2013}) 10... d5 11. Qf3 (11. Bf4 $14) 11... Nf6 12. h3 (12. e5 $1 $14 Ng4 13. Bf4) 12... dxe4 $15 13. Nxe4 Nd5 14. Bc1 O-O 15. Ne2 Rb8 {[%cal Ba8b8,Bb8b6,Bb6b5][%mdl 32]} 16. Qa3 Rb6 17. Nc5 Qc7 ({Better is} 17... e5 $17 {Hoping for ...Re8.} 18. dxe5 Bxe5) 18. g4 (18. f4 $11 {remains equal.}) 18... f5 $17 19. f3 Rb5 20. Nc3 $2 {[%mdl 8192] This costs White the game.} (20. Na4 $17 {was called for.}) 20... Nxc3+ $19 21. Qxc3 {[#]} Rxc5 $1 {[%mdl 576] Pin} 22. Bh6 (22. dxc5 Bxc3) 22... Bxh6 23. dxc5 Be6 24. h4 (24. Qe1 $142 Bd5 25. Rf1) 24... Rb8 25. Qe1 Kf7 26. h5 {Strongly threatening hxg6+.} Bg7 27. hxg6+ hxg6 28. Rh7 $2 (28. c3 Rd8 29. Qf2) 28... Rxb2+ 29. Ka1 {[#]} Rxa2+ $1 {[%mdl 512]} 30. Kxa2 c3+ 31. Qxe6+ Kxe6 32. Rxg7 {[%mdl 4096] Endgame KQ-KRR} Qa5+ 33. Kb3 Qb5+ 34. Kxc3 Qxc5+ 35. Kb3 Qb5+ 36. Ka3 $2 (36. Ka2 Kf6 37. Rh7) 36... Qe2 37. gxf5+ gxf5 38. Rd3 Qxc2 39. Rb3 Qc5+ 40. Ka2 a5 {[%cal Ba7a5,Ba5a4][%mdl 32]} 41. Rg2 a4 42. Ra3 Qc4+ 43. Kb2 Kf6 44. Rc2 Qb4+ 45. Ka2 c5 46. Rac3 e5 47. Ka1 Ke6 48. Ka2 Kd5 49. Rd3+ Kc6 50. Ra3 c4 {aiming for ...Qb3+!} 51. Rb2 Qa5 52. Rc2 Kd5 53. Rcc3 Kd4 54. Kb2 Qa8 (54... Qb4+ $142 55. Kc2 f4 56. Rd3+ cxd3+ 57. Rxd3+ Kc4 58. Rd8 a3 59. Rc8+ Kd4 60. Rd8+ Ke3 61. Rd3+ Ke2 62. Rxa3 Qxa3 63. Kb1 Qb4+ 64. Ka1 Kd2 65. Ka2 Kc2 66. Ka1 Qb2#) 55. Kc2 Qh8 56. Kb2 Qe8 57. Kc2 Kc5 58. Ra1 e4 {White must now prevent ...exf3.} 59. fxe4 Qxe4+ 60. Kb2 Kb4 $2 (60... Qg2+ {mates} 61. Ka3 Qb7 62. Ka2 Qb4 63. Rac1 Kd4 64. R3c2 Qb3+ 65. Ka1 c3 66. Rh2 f4 67. Rg2 f3 68. Rh2 Kc4 69. Rf2 Qa3+ 70. Kb1 Qb4+ 71. Ka2 Qb6 72. Rcc2 Qb3+ 73. Ka1 a3 74. Rh2 Kd3 75. Rcf2 Qd1+ 76. Ka2 c2 77. Rxc2 Qxc2+ 78. Rxc2 Kxc2 79. Kxa3 f2 80. Kb4 f1=Q 81. Kc5 Qf6 82. Kd5 Kd3 83. Kc5 Qe6 84. Kb5 Qd6 85. Ka4 Qb6 86. Ka3 Kc3 87. Ka4 Qb4#) 61. Rc2 $2 (61. Raa3 $19) 61... f4 62. Rb1 f3 63. Ka2+ Kc5 64. Rbc1 Qd4 65. Rf1 {[#]} Qd3 $1 66. Rcf2 Qb3+ 67. Ka1 a3 {Black mates.} 68. Rc1 Kd4 69. Rcf1 Ke4 70. Re1+ Kf4 71. Rc1 Kg3 72. Rfc2 Qxc2 {[%mdl 64] Remove Defender, Promotion} 73. Rxc2 {KR-K3P} f2 74. Rc3+ Kg2 75. Rc2 Kg1 76. Ka2 f1=Q 77. Rc1 Kf2 78. Rxf1+ Kxf1 79. Kxa3 Ke2 80. Kb2 Kd2 {Av CentiPawn Loss W=-124/B=-68. Weighted=-130/-61} 0-1

[Event "Gaprindashvili Cup Open II Stage 2020"]
[Site "Online"]
[Date "2020.11.08"]
[Round "5.7"]
[White "Adamia, Jaba"]
[Black "Volkov, Nika"]
[Result "0-1"]
[WhiteElo "1899"]
[BlackElo "2084"]
[Annotator "TA"]
[PlyCount "112"]
[EventDate "2020.11.04"]
[EventType "swiss"]
[SourceTitle "playchess.com"]
[Source "ChessBase"]
[SourceQuality "1"]

{[%evp 12,112,58,0,0,0,14,-50,4,14,106,100,116,111,108,109,105,129,133,127,133,126,140,91,109,83,171,25,17,10,12,16,23,12,27,-21,61,0,0,0,0,0,0,0,0,0,0,-58,4,0,14,-36,-26,-49,79,105,182,193,185,72,90,60,67,110,56,0,48,0,0,-34,0,-118,-121,-117,-118,-920,-900,-2236,-2305,-6843,-6875,-6875,-248,-6875,-6743,-6643,-6599,-6536,-6416,-6436,-5594,-6463,-6389,-6079,-5259,-6107,-5559,-2100,-3414,-6452,-6091,-6416,-5503]} 1. d4 d5 2. Nf3 e6 3. c4 c6 4. Nc3 dxc4 5. a4 Bb4 6. e3 b5 7. Be2 (7. Bd2 $14) 7... Nf6 $11 {D31: Queen's Gambit Declined: Semi-Slav without ...Nf6 (+ Marshall Gambit and Noteboom) and Exchange Variation lines without ...Nf6.} 8. O-O O-O 9. Ne5 (9. axb5 $11 Bxc3 10. b6 (10. bxc3 cxb5 11. Ba3 Re8 $11)) 9... Nd5 (9... Bb7 $15) 10. Qc2 {[#]} Bb7 $146 (10... f6 $11 11. Nf3 Nxc3 12. bxc3 Be7) ({Predecessor:} 10... Qb6 11. e4 Nf6 12. Nf3 Re8 13. e5 Nfd7 14. Be3 a6 15. d5 Bc5 16. Bxc5 Qxc5 {1-0 (47) Siebrecht,S (2376)-Schischke,R (2265) Uebach Palenberg 2000}) 11. axb5 $16 Bxc3 12. bxc6 Nxc6 13. Nxc6 Bxc6 14. bxc3 Bb5 15. e4 Nb6 16. Ba3 Re8 17. f4 Qd7 18. f5 Ba4 {[#]} (18... exf5 $16 {was worth a try.} 19. Rxf5 Ba4) 19. Qd2 (19. fxe6 $1 $18 Rxe6 20. Qb2) 19... exf5 $11 20. exf5 {And now f6 would win.} Nd5 $1 21. Rf3 Bb3 22. Raf1 f6 23. h4 Re4 (23... Kh8 $11) 24. Rh3 ({White should try} 24. Rg3 $1 $14) 24... Rae8 25. Bh5 $1 Rb8 26. Bf3 Ree8 27. Bh5 Red8 28. Rg3 Qc7 29. Qf2 ({White should play} 29. Kh2 $11) 29... Ba4 ({Better is} 29... Bc2 $15) 30. Bc1 $1 Be8 31. Bd1 Kh8 $1 32. h5 Rb1 (32... h6 $15 {keeps the upper hand.}) 33. Bc2 $16 Rb7 (33... Rxc1 $16 {keeps fighting.} 34. Rxc1 Bxh5) 34. h6 $18 Qd6 35. Be4 (35. Re1 $18 {is more deadly.}) 35... Bc6 $16 36. hxg7+ Rxg7 37. Rxg7 Kxg7 38. Qd2 (38. Bf3 $14) 38... Rg8 (38... Re8 $5 {[%cal Re8e4]} 39. Re1 Qf4 $11) 39. Rf3 {Rh3 is the strong threat.} Kh8 40. Rh3 {Rxh7+! would kill now.} Rg7 (40... Nf4 $5 41. Qxf4 Qxf4 42. Bxf4 Bxe4 $11) 41. Qe2 {[#]} (41. Bf3 $11) 41... Nxc3 $1 $17 {[%mdl 576] Discovered Attack, Remove Defender, Decoy} 42. Rxc3 Qxd4+ {[%mdl 64] Double Attack} 43. Re3 $2 {[%mdl 8192]} (43. Qe3 $17 Qxe4 44. Qxe4 Bxe4 45. g3) 43... Bxe4 $19 44. Bb2 Rxg2+ {[%mdl 64] Overworked Piece} 45. Qxg2 Qxe3+ 46. Qf2 Qxf2+ 47. Kxf2 {[%mdl 4096] Endgame KB-KB} Kg7 {Black is clearly winning.} 48. Ke3 Bxf5 49. Kf4 Bd3 50. Bc3 Kg6 51. Kg4 h5+ 52. Kf4 f5 53. Be1 Kf6 54. Bc3+ Ke6 55. Kg5 Kd5 56. Kxh5 Ke4 {Black used his chance. Av CentiPawn Loss W=-57/B=-63. Weighted=-82/-66} 0-1

[Event "Gaprindashvili Cup Open II Stage 2020"]
[Site "Online"]
[Date "2020.11.08"]
[Round "5.8"]
[White "Safarov, Deniel"]
[Black "Kacharava, Nikolozi"]
[Result "0-1"]
[WhiteElo "1720"]
[BlackElo "2443"]
[Annotator "TA"]
[PlyCount "76"]
[EventDate "2020.11.04"]
[EventType "swiss"]
[SourceTitle "playchess.com"]
[Source "ChessBase"]
[SourceQuality "1"]

{[%evp 13,76,8,10,12,5,0,4,0,0,0,-5,-41,-27,-51,7,-42,0,0,0,-56,-10,-12,0,-33,-48,-75,-75,-83,-90,-101,-104,-101,-108,-206,-192,-256,-233,-311,-316,-375,-395,-478,-467,-447,-423,-483,-479,-474,-420,-456,-475,-471,-460,-414,-445,-389,-296,-488,-475,-466,-454,-593,-585,-5822,-5776]} 1. e4 e5 2. Nf3 Nf6 3. Nxe5 d6 4. Nf3 Nxe4 5. Nc3 Nxc3 6. dxc3 Be7 7. Bd3 Nd7 8. Be3 {C42: Petroff Defence: 3 Nxe5 and unusual White 3rd moves.} O-O 9. Qd2 d5 10. O-O-O {The position is equal.} Nc5 11. Bxc5 Bxc5 {[#]} 12. h4 $146 ({Predecessor:} 12. c4 c6 13. cxd5 Qxd5 14. Qc3 Qh5 15. Rd2 a5 16. a3 Bb4 17. Qd4 Bxd2+ 18. Kxd2 {0-1 (28) Weishaeutel,M (1827)-Horn,S (2158) Kiel 2014}) 12... Qf6 13. Ng5 Bf5 ({Black should play} 13... g6 $1 $15) 14. g4 Bxd3 15. Qxd3 {[%csl Gg5][%cal Rd3h7][%mdl 64] [#] Double Attack} Qg6 16. Qg3 (16. Qxg6 $11 hxg6 17. Rxd5 Bxf2 18. Rd7) 16... h6 17. Nf3 Bd6 $36 {[%mdl 2048] Black is pushing.} 18. Qg2 (18. Ne5 $5 {[%cal Re5g6]} Qe6 19. f4 $11) 18... c6 19. g5 h5 {White is now going downhill.} 20. Rhe1 Qf5 21. Nd4 Qf4+ 22. Kb1 g6 ({Much worse is} 22... Qxh4 $6 23. Rh1 $11) 23. c4 (23. Qh3 $17) 23... Rae8 ({Weaker is} 23... dxc4 24. Re4 $15) 24. Rxe8 (24. Rh1 $142 Bc5 25. Nb3 Qxc4 26. Nxc5 Qxc5 27. Rhe1) 24... Rxe8 $19 25. a3 dxc4 26. Qh3 Qxf2 27. Qd7 Re1 28. Rxe1 Qxe1+ 29. Ka2 Qe7 30. Qc8+ Kh7 31. Qh3 Qe4 32. c3 Bc5 33. Nf3 Kg7 34. Qg3 Qe3 35. Qg2 $2 {[#]} (35. Qb8) 35... Qf2 {Black is clearly winning.} 36. Qh3 Bd6 37. Nd4 {and the idea Qd7 leaves White hopeful.} Be5 38. Nf3 Bxc3 {Av CentiPawn Loss W=-61/B=-10. Weighted=-94/-10} 0-1

[Event "Gaprindashvili Cup Open II Stage 2020"]
[Site "Online"]
[Date "2020.11.08"]
[Round "5.10"]
[White "Chighladze, Iveri"]
[Black "Patsia, Zviad"]
[Result "1-0"]
[WhiteElo "2335"]
[BlackElo "2204"]
[Annotator "TA"]
[PlyCount "49"]
[EventDate "2020.11.04"]
[EventType "swiss"]
[SourceTitle "playchess.com"]
[Source "ChessBase"]
[SourceQuality "1"]

{[%evp 21,49,3,3,3,3,1,1,0,10,-49,-51,-37,-41,-47,-47,-44,0,0,0,0,189,190,195,194,296,282,347,346,329,308]} 1. c4 e6 2. Nf3 Nf6 3. g3 d5 4. Bg2 Be7 5. b3 O-O 6. O-O Nbd7 7. Bb2 c6 8. d4 b6 9. Nbd2 Bb7 10. Ne5 Nxe5 11. dxe5 Nd7 12. e4 {E07: Closed Catalan: Main Line (5 Nf3 0-0 6 0-0 Nbd7).} dxc4 13. Nxc4 Ba6 14. Qc2 {The position is equal.} Qc7 15. Rfd1 (15. f4 $11) 15... Bxc4 $1 $15 16. Qxc4 Nxe5 {[#]} 17. Qc3 $146 ({Predecessor:} 17. Bxe5 Qxe5 18. Qxc6 Rac8 19. Qa4 Rc2 20. Rac1 Rxc1 21. Rxc1 Qb2 22. Rf1 a5 23. Qb5 {0-1 (43) Papaioannou,D (1998)-Schneider,C (2064) Kelheim 2007}) 17... Bf6 $1 18. f4 Nf3+ {[%mdl 64] [#] Discovered Attack} 19. Qxf3 {Bxf6 is the strong threat.} Bxb2 20. Rab1 $36 {[%mdl 2048] White has the initiative.} Ba3 $2 (20... Bf6 $1 $11 {and Black is okay.}) 21. b4 $18 Bxb4 22. Rxb4 a5 (22... Rad8 $142 23. Rbb1 Rxd1+ 24. Rxd1 (24. Qxd1 Rd8 $16) 24... Rd8) 23. Rbb1 {White has a decisive advantage.} c5 24. e5 Rad8 25. Qc6 {Av CentiPawn Loss W=-5/B=-30. Weighted=-8/-30} 1-0

[Event "Gaprindashvili Cup Open II Stage 2020"]
[Site "Online"]
[Date "2020.11.08"]
[Round "5.11"]
[White "Mindiashvili, Tengiz"]
[Black "Morchiashvili, Bachana"]
[Result "1-0"]
[WhiteElo "1923"]
[BlackElo "2313"]
[Annotator "TA"]
[PlyCount "25"]
[EventDate "2020.11.04"]
[EventType "swiss"]
[SourceTitle "playchess.com"]
[Source "ChessBase"]
[SourceQuality "1"]

{[%evp 9,25,5,9,17,20,-29,-24,-70,0,0,121,89,77,6,11,-11,1698,1697]} 1. b3 Nf6 2. Bb2 e6 3. e3 b6 4. Nf3 Bb7 5. c4 c5 6. Nc3 {A30: Symmetrical English: Double Fianchetto and Hedgehog.} Be7 7. Qc2 O-O 8. Ng5 {[#] Black has an edge.} g6 $146 (8... Nc6 $15) ({Predecessor:} 8... h6 9. h4 Re8 10. O-O-O Nc6 11. a3 Kf8 12. Nh7+ Kg8 13. Ng5 Kf8 14. f4 Rc8 {1-0 (28) Mamedyarov,S (2801)-Karjakin,S (2773) Saint Louis 2018}) 9. h4 $1 $11 h5 {[#]} (9... Ne8 $11 {keeps the balance.}) 10. Bd3 $1 $16 {[%cal Rd3g6] Black must now prevent Bxg6!} Qe8 11. Nce4 ({White should try} 11. Nb5 $16 Na6 12. a3) 11... Nxe4 $11 12. Nxe4 f5 $2 {[%mdl 8192]} (12... Nc6 $11) 13. Qc3 {Av CentiPawn Loss W=-26/B=-170. Weighted=-23/-266} 1-0